[Event "South Moravia Region-chT 2223"]
[Site "Czech Republic"]
[Date "2022.11.13"]
[Round "3.1"]
[White "Hudecek, Jan"]
[Black "Nemec, David1"]
[Result "1/2-1/2"]
[WhiteElo "2247"]
[BlackElo "2023"]
[PlyCount "118"]
[EventDate "2022.10.09"]
[EventType "team-tourn"]
[EventRounds "11"]
[EventCountry "CZE"]
[SourceTitle "EXT 2024"]
[Source "ChessBase"]
[SourceDate "2023.10.10"]
[SourceVersion "1"]
[SourceVersionDate "2023.10.10"]
[SourceQuality "1"]

1. d4 Nf6 2. c4 e6 3. g3 Be7 4. Bg2 0-0 5. Nf3 d6 6. Nc3 Nbd7 7. 0-0 c6 8. e4 e5 9. h3 Qc7 10. b3 Ne8 11. Be3 Qa5 12. Qc2 Bf6 13. Rab1 Qd8 14. Rfd1 Qe7 15. b4 exd4 16. Nxd4 Ne5 17. Qe2 Be6 18. Nxe6 fxe6 19. f4 Nd7 20. Rbc1 g6 21. c5 d5 22. e5 Bh8 23. h4 a6 24. Qd2 Ng7 25. Ne4 Nxe5 26. fxe5 dxe4 27. Bg5 Qe8 28. g4 h5 29. gxh5 Nxh5 30. Bxe4 Ng3 31. Re1 Nxe4 32. Rxe4 Rf5 33. Rce1 Qf7 34. Qd6 Rf8 35. Qd3 Bg7 36. a4 Rf3 37. R4e3 Rg3+ 38. Rxg3 Qf2+ 39. Kh1 Qxe1+ 40. Kh2 Rf1 41. Kh3 Rh1+ 42. Kg4 Qxb4+ 43. Bf4 Qb1 44. Kg5 Kh7 45. Qxb1 Rxb1 46. Rd3 Rg1+ 47. Rg3 Rf1 48. Kg4 Ra1 49. Rb3 Rxa4 50. Rxb7 Rc4 51. Ra7 a5 52. Kg3 Rxc5 53. Bg5 Rc3+ 54. Kf2 Kg8 55. Ra8+ Kf7 56. Ra7+ Kf8 57. Ra8+ Kf7 58. Ra7+ Kf8 59. Ra8+ Kf7 1/2-1/2

[Event "CZE-chT2E 1819"]
[Site "Czech Republic"]
[Date "2019.03.31"]
[Round "11.1"]
[White "Husek, Martin"]
[Black "Hudecek, Jan"]
[Result "1-0"]
[WhiteElo "2134"]
[BlackElo "2247"]
[PlyCount "89"]
[EventDate "2018.10.14"]
[EventType "team-tourn"]
[EventRounds "11"]
[EventCountry "CZE"]
[SourceTitle "EXT 2022"]
[Source "ChessBase"]
[SourceDate "2021.10.06"]
[SourceVersion "1"]
[SourceVersionDate "2021.10.06"]
[SourceQuality "1"]
[WhiteTeam "Stare Mesto II"]
[BlackTeam "Veseli nad Moravou"]
[WhiteTeamCountry "CZE"]
[BlackTeamCountry "CZE"]

1. e4 c5 2. Nf3 Nc6 3. d4 cxd4 4. Nxd4 g6 5. c4 Nf6 6. Nc3 d6 7. Be2 Nxd4 8. Qxd4 Bg7 9. Be3 0-0 10. Qd2 a5 11. 0-0 a4 12. Rab1 Qa5 13. b4 axb3 14. axb3 Qb4 15. Qc2 Bd7 16. Bd2 Qa3 17. b4 Rfc8 18. Rb3 Qa7 19. Be3 Qb8 20. Rbb1 b6 21. f3 Be6 22. Nb5 Bd7 23. Qd2 Ra6 24. c5 bxc5 25. bxc5 Qa8 26. Nc3 Rac6 27. Ra1 Qb8 28. Rfb1 Qc7 29. Nb5 Qd8 30. Na7 Rxc5 31. Nxc8 Rxc8 32. e5 dxe5 33. Rd1 e6 34. Ra7 Nd5 35. Ba6 Ra8 36. Rb1 h5 37. Bb7 Rxa7 38. Bxa7 Nf4 39. g3 Qg5 40. Qxd7 h4 41. Rd1 Bf6 42. g4 Nh3+ 43. Kg2 Nf4+ 44. Kf1 h3 45. Qe8+ 1-0

[Event "CZE-chT2E 1819"]
[Site "Czech Republic"]
[Date "2019.01.13"]
[Round "6.1"]
[White "Hudecek, Jan"]
[Black "Zpevak, Pavel"]
[Result "1/2-1/2"]
[WhiteElo "2247"]
[BlackElo "2335"]
[PlyCount "20"]
[EventDate "2018.10.14"]
[EventType "team-tourn"]
[EventRounds "11"]
[EventCountry "CZE"]
[SourceTitle "EXT 2022"]
[Source "ChessBase"]
[SourceDate "2021.10.06"]
[SourceVersion "1"]
[SourceVersionDate "2021.10.06"]
[SourceQuality "1"]
[WhiteTeam "Veseli nad Moravou"]
[BlackTeam "Kunovice"]
[WhiteTeamCountry "CZE"]
[BlackTeamCountry "CZE"]

1. d4 d5 2. Nf3 c6 3. c4 dxc4 4. a4 e6 5. e3 c5 6. Bxc4 cxd4 7. exd4 Bb4+ 8. Nc3 Nf6 9. 0-0 0-0 10. Qb3 Qa5 1/2-1/2

[Event "CZE-chT1E 1112"]
[Site "Czech Republic"]
[Date "2012.01.29"]
[Round "7"]
[White "Olsarova, Karolina"]
[Black "Hudecek, Jan"]
[Result "1-0"]
[WhiteElo "2176"]
[BlackElo "2238"]
[PlyCount "129"]
[EventDate "2011.10.02"]
[EventType "team-tourn"]
[EventRounds "11"]
[EventCountry "CZE"]
[SourceTitle "EXT 2013"]
[Source "ChessBase"]
[SourceDate "2012.11.22"]
[SourceVersion "1"]
[SourceVersionDate "2012.11.22"]
[SourceQuality "1"]
[WhiteTeam "Orlova Slavia"]
[BlackTeam "Stare Mesto"]
[WhiteTeamCountry "CZE"]
[BlackTeamCountry "CZE"]

1. e4 Nf6 2. e5 Nd5 3. d4 d6 4. c4 Nb6 5. exd6 cxd6 6. Nc3 g6 7. Be3 Bg7 8. Rc1 0-0 9. b3 e5 10. dxe5 dxe5 11. Qxd8 Rxd8 12. c5 N6d7 13. Bc4 Nc6 14. Nf3 h6 15. Nb5 e4 16. Nd2 Nde5 17. Nxe4 Be6 18. 0-0 Nxc4 19. bxc4 Rd7 20. Ned6 Nb4 21. a3 Nd3 22. Rb1 a6 23. Nd4 Nxc5 24. Nxe6 Nxe6 25. Nxb7 Rc7 26. Rfc1 Bf8 27. a4 Ba3 28. Rc3 Rb8 29. Rxa3 Rbxb7 30. Rxb7 Rxb7 31. Kf1 h5 32. Ke2 Kf8 33. Kd3 Ke7 34. Kc3 Nd8 35. Ra1 Nc6 36. Rd1 Rd7 37. Bc5+ Kd8 38. Rd5 Kc8 39. Bb6 Ne7 40. Re5 Nc6 41. Re8+ Kb7 42. a5 Rd6 43. Rf8 Rf6 44. f3 Rf5 45. Re8 h4 46. h3 Rg5 47. Re2 Kc8 48. Rd2 Nxa5 49. Rd8+ Kb7 50. Bxa5 Rxa5 51. Rd7+ Kc6 52. Rxf7 Rg5 53. Kd4 Rxg2 54. Rf6+ Kb7 55. Kc5 Rg5+ 56. Kd6 Rg2 57. Rf7+ Kb6 58. c5+ Kb5 59. Rb7+ Kc4 60. c6 Rd2+ 61. Ke6 Kc5 62. c7 Rd6+ 63. Ke7 Rc6 64. Kd7 Rd6+ 65. Kc8 1-0

[Event "CZE-chT1E 1011"]
[Site "Czech Republic"]
[Date "2010.11.28"]
[Round "4.5"]
[White "Pridal, Ondrej"]
[Black "Hudecek, Jan"]
[Result "1-0"]
[WhiteElo "2247"]
[BlackElo "2286"]
[PlyCount "147"]
[EventDate "2010.10.10"]
[EventType "team-tourn"]
[EventRounds "11"]
[EventCountry "CZE"]
[SourceTitle "EXT 2012"]
[Source "ChessBase"]
[SourceDate "2011.11.24"]
[SourceVersion "1"]
[SourceVersionDate "2011.11.24"]
[SourceQuality "1"]
[WhiteTeam "Brno Duras"]
[BlackTeam "Stare Mesto"]
[WhiteTeamCountry "CZE"]
[BlackTeamCountry "CZE"]

1. e4 Nf6 2. e5 Nd5 3. d4 d6 4. Nf3 g6 5. Bc4 Nb6 6. Bb3 Bg7 7. Ng5 e6 8. Qf3 Qe7 9. Ne4 dxe5 10. Bg5 Qb4+ 11. c3 Qa5 12. Nf6+ Kf8 13. d5 e4 14. Qg3 Na6 15. dxe6 h6 16. e7+ Kxe7 17. Nd5+ Kd7 18. Nxb6+ axb6 19. Bf4 Nc5 20. Bc2 Ne6 21. 0-0 b5 22. Nd2 Rd8 23. Nxe4 Nxf4 24. Qxf4 Ke7 25. Rfe1 Kf8 26. Bb3 f5 27. Nc5 Qb6 28. Ne6+ Bxe6 29. Rxe6 Rd6 30. Rae1 Rad8 31. g4 Rxe6 32. Bxe6 Qd6 33. Qf3 f4 34. Bb3 Re8 35. Rd1 Qe5 36. Qxb7 Bf6 37. Rd7 Be7 38. Rxc7 h5 39. gxh5 gxh5 40. Rd7 Rb8 41. Qd5 Qxd5 42. Rxd5 b4 43. Rxh5 Bf6 44. Rf5 Ke7 45. Rxf4 bxc3 46. bxc3 Bxc3 47. Rf7+ Kd6 48. Rf3 Bd4 49. h4 Rh8 50. Rh3 Rh5 51. Kg2 Ke5 52. Kg3 Rf5 53. f3 Be3 54. Rh1 Rf6 55. h5 Kf5 56. Rd1 Bf4+ 57. Kg2 Kg5 58. Rd5+ Kh4 59. Kf2 Rf8 60. Bc2 Re8 61. Rd4 Kg5 62. Bg6 Rb8 63. a4 Rb2+ 64. Kf1 Ra2 65. Re4 Rb2 66. Be8 Ra2 67. Re6 Bg3 68. h6 Kf4 69. Rf6+ Ke3 70. h7 Rh2 71. Bg6 Be5 72. Re6 Rh1+ 73. Kg2 Rh2+ 74. Kg1 1-0

[Event "CZE-chT1E 1011"]
[Site "Czech Republic"]
[Date "2010.11.14"]
[Round "3.4"]
[White "Helis, Tadeusz"]
[Black "Hudecek, Jan"]
[Result "1/2-1/2"]
[WhiteElo "2277"]
[BlackElo "2286"]
[PlyCount "95"]
[EventDate "2010.10.10"]
[EventType "team-tourn"]
[EventRounds "11"]
[EventCountry "CZE"]
[SourceTitle "EXT 2012"]
[Source "ChessBase"]
[SourceDate "2011.11.24"]
[SourceVersion "1"]
[SourceVersionDate "2011.11.24"]
[SourceQuality "1"]
[WhiteTeam "Orlova Slavia"]
[BlackTeam "Stare Mesto"]
[WhiteTeamCountry "CZE"]
[BlackTeamCountry "CZE"]

1. Nf3 Nf6 2. c4 c5 3. Nc3 d5 4. cxd5 Nxd5 5. Qa4+ Nc6 6. Ne5 Qc7 7. Nxc6 Nxc3 8. dxc3 Bd7 9. e4 Qxc6 10. Qxc6 Bxc6 11. f3 e6 12. Be3 Be7 13. a4 a6 14. a5 0-0 15. Be2 Rfd8 16. Kf2 Kf8 17. Rhd1 Rxd1 18. Rxd1 Ke8 19. e5 Rd8 20. Rxd8+ Kxd8 21. Bd3 h5 22. f4 g6 23. g3 Kd7 24. h3 Bd5 25. c4 Bc6 26. b3 Kc7 27. g4 hxg4 28. hxg4 Bh4+ 29. Ke2 Be7 30. Bd2 Kd7 31. Ke3 Ke8 32. Bc3 Bd7 33. Be4 Bc6 34. Bxc6+ bxc6 35. Ke4 Kd7 36. f5 gxf5+ 37. gxf5 exf5+ 38. Kxf5 Bh4 39. Bd2 Bd8 40. Be3 Bxa5 41. Bxc5 Bd8 42. Ba3 Bh4 43. Bf8 Bd8 44. Bg7 Bh4 45. Bf6 Be1 46. Bg5 Bb4 47. Bh4 Bc5 48. Bf6 1/2-1/2

[Event "CZE-chT1E 0910"]
[Site "Czech Republic"]
[Date "2010.02.07"]
[Round "8.2"]
[White "Bernasek, Jan"]
[Black "Hudecek, Jan"]
[Result "1/2-1/2"]
[WhiteElo "2469"]
[BlackElo "2310"]
[PlyCount "56"]
[EventDate "2009.11.15"]
[EventType "team-tourn"]
[EventRounds "11"]
[EventCountry "CZE"]
[SourceTitle "EXT 2011"]
[Source "ChessBase"]
[SourceDate "2010.11.26"]
[SourceVersion "1"]
[SourceVersionDate "2010.11.26"]
[SourceQuality "1"]
[WhiteTeam "Litovel"]
[BlackTeam "Stare Mesto"]
[WhiteTeamCountry "CZE"]
[BlackTeamCountry "CZE"]

1. d4 Nf6 2. c4 c5 3. d5 b5 4. Qc2 bxc4 5. e4 d6 6. Bxc4 g6 7. Nf3 Bg7 8. 0-0 0-0 9. h3 Nbd7 10. Rd1 Nb6 11. Be2 Bb7 12. Nc3 Ne8 13. Bf4 Nc7 14. Qb3 Qc8 15. a4 Nd7 16. Nd2 Rb8 17. Qc2 Ba6 18. Nc4 Qb7 19. Nb5 Nxb5 20. axb5 Bxb5 21. Na5 Qc7 22. Bxb5 Rxb5 23. Nc6 Rxb2 24. Nxe7+ Kh8 25. Qc1 Rb6 26. Ra2 Nb8 27. Nc6 Nxc6 28. dxc6 Rxc6 1/2-1/2

[Event "CZE-chT1E 0910"]
[Site "Czech Republic"]
[Date "2009.11.15"]
[Round "1.2"]
[White "Klima, Lukas"]
[Black "Hudecek, Jan"]
[Result "0-1"]
[WhiteElo "2430"]
[BlackElo "2310"]
[PlyCount "36"]
[EventDate "2009.11.15"]
[EventType "team-tourn"]
[EventRounds "11"]
[EventCountry "CZE"]
[SourceTitle "EXT 2011"]
[Source "ChessBase"]
[SourceDate "2010.11.26"]
[SourceVersion "1"]
[SourceVersionDate "2010.11.26"]
[SourceQuality "1"]
[WhiteTeam "Poruba"]
[BlackTeam "Stare Mesto"]
[WhiteTeamCountry "CZE"]
[BlackTeamCountry "CZE"]

1. d4 Nf6 2. c4 c5 3. d5 b5 4. cxb5 a6 5. b6 e6 6. Nc3 exd5 7. Nxd5 Nxd5 8. Qxd5 Nc6 9. Nf3 Rb8 10. Ne5 Qf6 11. Nxc6 dxc6 12. Qf3 Be7 13. Qf4 Rxb6 14. Qc7 Bd8 15. Qxc8 0-0 16. Rb1 Rxb2 17. Qxd8 Qc3+ 18. Qd2 Qxd2+ 0-1

[Event "CZE-chT2E 0910"]
[Site "Czech Republic"]
[Date "2009.11.08"]
[Round "2.3"]
[White "Hudecek, Jan"]
[Black "Dvorak, Martin"]
[Result "1-0"]
[WhiteElo "2310"]
[BlackElo "2093"]
[PlyCount "71"]
[EventDate "2009.10.18"]
[EventType "team-tourn"]
[EventRounds "11"]
[EventCountry "CZE"]
[SourceTitle "EXT 2012"]
[Source "ChessBase"]
[SourceDate "2011.11.24"]
[SourceVersion "1"]
[SourceVersionDate "2011.11.24"]
[SourceQuality "1"]
[WhiteTeam "Stare Mesto II"]
[BlackTeam "Holesov"]
[WhiteTeamCountry "CZE"]
[BlackTeamCountry "CZE"]

1. d4 d5 2. Nf3 Nf6 3. c4 c6 4. Nc3 e6 5. Bg5 dxc4 6. e4 b5 7. e5 h6 8. Bh4 g5 9. exf6 gxh4 10. Ne5 Bb7 11. Nxf7 Qxf6 12. Nxh8 Qxh8 13. Qh5+ Kd8 14. Qxh4+ Kc7 15. Be2 Nd7 16. 0-0 e5 17. d5 cxd5 18. Nxb5+ Kb6 19. Nc3 Nc5 20. Qg4 Qf6 21. f3 Ne6 22. b3 Nf4 23. bxc4 h5 24. Rab1+ Ka5 25. Qd7 Bc5+ 26. Kh1 Bc6 27. Rb5+ Ka6 28. Qc7 Bb6 29. Rxb6+ axb6 30. cxd5+ Nxe2 31. dxc6 Nxc3 32. Qb7+ Kb5 33. Qxa8 Ne4 34. Rb1+ Kc5 35. Rc1+ Kd6 36. c7 1-0

[Event "CZE-chT1E 0910"]
[Site "Czech Republic"]
[Date "2009.10.10"]
[Round "4.2"]
[White "Babula, Milan"]
[Black "Hudecek, Jan"]
[Result "1/2-1/2"]
[WhiteElo "2297"]
[BlackElo "2310"]
[PlyCount "49"]
[EventDate "2009.11.15"]
[EventType "team-tourn"]
[EventRounds "11"]
[EventCountry "CZE"]
[SourceTitle "EXT 2011"]
[Source "ChessBase"]
[SourceDate "2010.11.26"]
[SourceVersion "1"]
[SourceVersionDate "2010.11.26"]
[SourceQuality "1"]
[WhiteTeam "Trinec"]
[BlackTeam "Stare Mesto"]
[WhiteTeamCountry "CZE"]
[BlackTeamCountry "CZE"]

1. e4 Nf6 2. e5 Nd5 3. d4 d6 4. Nf3 g6 5. Be2 Bg7 6. 0-0 0-0 7. Re1 Nc6 8. exd6 cxd6 9. h3 h6 10. c4 Nb6 11. Nc3 e5 12. Be3 d5 13. cxd5 exd4 14. Nxd4 Nxd5 15. Nxd5 Qxd5 16. Bf3 Qa5 17. Nxc6 bxc6 18. Qd2 Qxd2 19. Bxd2 Be6 20. Bc3 Bxc3 21. bxc3 Rab8 22. Bxc6 Rfc8 23. Be4 Kg7 24. Rac1 Rb2 25. Rc2 1/2-1/2

[Event "CZE-chT2E 0809"]
[Site "Czech Republic"]
[Date "2009.04.05"]
[Round "11.1"]
[White "Hudecek, Jan"]
[Black "Zboril, Tomas"]
[Result "1-0"]
[WhiteElo "2323"]
[BlackElo "2138"]
[PlyCount "109"]
[EventDate "2008.10.12"]
[EventType "tourn"]
[EventRounds "11"]
[EventCountry "CZE"]
[SourceTitle "EXT 2010"]
[Source "ChessBase"]
[SourceDate "2010.11.25"]
[SourceVersion "1"]
[SourceVersionDate "2010.11.25"]
[SourceQuality "1"]
[WhiteTeam "Stare Mesto II"]
[BlackTeam "Olomouc"]
[WhiteTeamCountry "CZE"]
[BlackTeamCountry "CZE"]

1. d4 Nf6 2. c4 e6 3. g3 c5 4. d5 exd5 5. cxd5 d6 6. Nc3 g6 7. Bg2 Bg7 8. Nf3 0-0 9. 0-0 Re8 10. Nd2 a6 11. a4 Nbd7 12. h3 Nh5 13. Nce4 Ndf6 14. Nxf6+ Nxf6 15. Nc4 Bf5 16. f3 Bf8 17. a5 Bd7 18. e4 Bb5 19. b3 Bg7 20. Bd2 Nh5 21. g4 Bd4+ 22. Kh2 Ng7 23. Rb1 f5 24. Qe1 fxe4 25. fxe4 Rf8 26. Kh1 Rxf1+ 27. Qxf1 Qe7 28. Bf4 Bxc4 29. bxc4 g5 30. Bg3 Rf8 31. Qe1 h5 32. Rb6 Be5 33. Bxe5 Qxe5 34. Rxb7 hxg4 35. hxg4 Rf6 36. Rb3 Rh6+ 37. Rh3 Rxh3+ 38. Bxh3 Ne8 39. Bg2 Nf6 40. Bf3 Qf4 41. Kg2 Nd7 42. Qb1 Qd2+ 43. Kg3 Kf7 44. Qb7 Ke7 45. Qc7 Qc3 46. Kg2 Qxc4 47. e5 dxe5 48. Qc6 Qa2+ 49. Kg3 Qxa5 50. d6+ Ke8 51. Qc8+ Qd8 52. Qxa6 Qb8 53. Qc6 Kd8 54. Qd5 Nf8 55. Qxe5 1-0

[Event "CZE-chT2E 0809"]
[Site "Czech Republic"]
[Date "2008.11.23"]
[Round "3.1"]
[White "Markovic, Ivan1"]
[Black "Hudecek, Jan"]
[Result "1/2-1/2"]
[WhiteElo "2194"]
[BlackElo "2323"]
[PlyCount "171"]
[EventDate "2008.10.12"]
[EventType "tourn"]
[EventRounds "11"]
[EventCountry "CZE"]
[SourceTitle "EXT 2010"]
[Source "ChessBase"]
[SourceDate "2010.11.25"]
[SourceVersion "1"]
[SourceVersionDate "2010.11.25"]
[SourceQuality "1"]
[WhiteTeam "Brno Lokomotiva III"]
[BlackTeam "Stare Mesto II"]
[WhiteTeamCountry "CZE"]
[BlackTeamCountry "CZE"]

1. e4 Nf6 2. d3 d5 3. Nd2 c5 4. e5 Nfd7 5. f4 Nc6 6. Ngf3 e6 7. g3 Be7 8. Bg2 0-0 9. 0-0 f6 10. Bh3 fxe5 11. Bxe6+ Kh8 12. Bxd5 exf4 13. Ne4 Nde5 14. Bxc6 Nxc6 15. Bxf4 Bg4 16. Qd2 Bxf3 17. Rxf3 Qd4+ 18. Be3 Qxb2 19. Raf1 Rxf3 20. Rxf3 b6 21. Rf7 Qxa2 22. Qf2 Kg8 23. Rf4 Qe6 24. h4 h6 25. g4 Rf8 26. g5 Rxf4 27. Qxf4 Ne5 28. gxh6 gxh6 29. Nf2 Qf6 30. Qxh6 Qxh6 31. Bxh6 Bxh4 32. Ne4 Kf7 33. Kf1 Ke6 34. Ke2 Be7 35. Kd2 b5 36. Kc3 Kd5 37. Nd2 a5 38. Bg7 Nc6 39. Kb2 c4 40. dxc4+ bxc4 41. c3 Na7 42. Ka2 Nb5 43. Kb2 Bg5 44. Nb1 Ke4 45. Na3 Nxa3 46. Kxa3 Kd3 47. Kb2 Bd2 48. Bf6 a4 49. Ka3 Bxc3 50. Bg5 Bd4 51. Kxa4 c3 52. Kb3 Bf2 53. Bf6 c2 54. Bg5 Be1 55. Bc1 Bd2 56. Bb2 Bg5 57. Ba3 Kd2 58. Bb2 Kd1 59. Kc4 Kd2 60. Kb3 Be7 61. Ka2 Bc5 62. Kb3 Bd4 63. Ba3 Kd3 64. Bc1 Bc3 65. Ba3 Kd2 66. Kc4 Bg7 67. Kb3 Kd1 68. Kc4 Bf8 69. Bb2 Kd2 70. Kb3 Be7 71. Kc4 Bf6 72. Ba3 Be7 73. Bb2 Bd6 74. Kb3 Bf4 75. Ba3 Be3 76. Bb2 Bd4 77. Ba3 Kd3 78. Bc1 Bc5 79. Bb2 Kd2 80. Kc4 Ba7 81. Kb3 Bb8 82. Ba3 Kd3 83. Bc1 Bh2 84. Bb2 Bg1 85. Bc1 Bf2 86. Bb2 1/2-1/2

[Event "CZE-chT2E 0809"]
[Site "Czech Republic"]
[Date "2008.11.09"]
[Round "2.1"]
[White "Hudecek, Jan"]
[Black "Kuchynka, Lukas"]
[Result "1/2-1/2"]
[WhiteElo "2323"]
[BlackElo "2203"]
[PlyCount "144"]
[EventDate "2008.10.12"]
[EventType "tourn"]
[EventRounds "11"]
[EventCountry "CZE"]
[SourceTitle "EXT 2010"]
[Source "ChessBase"]
[SourceDate "2010.11.25"]
[SourceVersion "1"]
[SourceVersionDate "2010.11.25"]
[SourceQuality "1"]
[WhiteTeam "Stare Mesto II"]
[BlackTeam "Brno Lokomotiva II"]
[WhiteTeamCountry "CZE"]
[BlackTeamCountry "CZE"]

1. d4 Nf6 2. c4 e6 3. g3 Bb4+ 4. Nd2 0-0 5. Bg2 d5 6. Ngf3 b6 7. 0-0 Bb7 8. cxd5 exd5 9. Ne5 Re8 10. Ndf3 Ne4 11. Qc2 Bd6 12. b3 c5 13. Bb2 Nd7 14. Rac1 Rc8 15. Nxd7 Qxd7 16. dxc5 bxc5 17. Rfd1 a5 18. Nd2 f5 19. Bh3 Qf7 20. Nxe4 fxe4 21. Bxc8 Bxc8 22. Ba3 Be6 23. Bxc5 Rc8 24. Bxd6 Rxc2 25. Rxc2 Qh5 26. h4 h6 27. Bf4 Bg4 28. Kf1 Be6 29. Ke1 Qe8 30. Rd4 Qb5 31. Be3 Kh7 32. Ra4 Bg4 33. Kd1 Qd3+ 34. Kc1 Bxe2 35. Rd4 Qb5 36. Kb2 Bg4 37. a4 Qb7 38. Rc5 Be2 39. Rcxd5 Bc4 40. Rxc4 Qxd5 41. Rc5 Qd8 42. Rb5 Qf6+ 43. Kc2 Qd8 44. Rc5 Qd3+ 45. Kb2 Qe2+ 46. Rc2 Qf1 47. Rd2 Qe1 48. Kc3 Qc1+ 49. Kd4 Qc6 50. Ke5 Kg8 51. Rd4 Qb7 52. Rxe4 Qxb3 53. Rd4 Qb7 54. Kf4 Qf7+ 55. Kg4 Qe6+ 56. Kf3 Qc6+ 57. Ke2 Qb7 58. g4 Qc6 59. h5 Qb7 60. Kd3 Qb3+ 61. Ke4 Qe6+ 62. Kf4 Qf6+ 63. Kg3 Qe5+ 64. Rf4 Qd6 65. Kh3 Qd1 66. Rd4 Qh1+ 67. Kg3 Qg1+ 68. Kf4 Qh2+ 69. Kf5 Qc7 70. Ke6 Qc6+ 71. Ke7 Qc7+ 72. Ke6 Qc6+ 1/2-1/2

[Event "Orlova op 5th"]
[Site "Orlova"]
[Date "2008.05.17"]
[Round "1"]
[White "Hudecek, Jan"]
[Black "Cervenka, Roman"]
[Result "0-1"]
[WhiteElo "2311"]
[BlackElo "1911"]
[PlyCount "54"]
[EventDate "2008.05.17"]
[EventType "swiss"]
[EventRounds "9"]
[EventCountry "CZE"]
[SourceTitle "EXT 2012"]
[Source "ChessBase"]
[SourceDate "2011.11.24"]
[SourceVersion "1"]
[SourceVersionDate "2011.11.24"]
[SourceQuality "1"]

1. e4 e5 2. Nf3 Nc6 3. Bb5 a6 4. Ba4 Nf6 5. d3 b5 6. Bb3 Be7 7. Bg5 0-0 8. 0-0 d6 9. Nc3 Bg4 10. h3 Bh5 11. g4 Nxg4 12. Bxe7 Qxe7 13. hxg4 Bxg4 14. Nd5 Qd8 15. Ne3 Bh5 16. Bd5 Nd4 17. Nxd4 Bxd1 18. Bxa8 exd4 19. Nxd1 Qxa8 20. c3 f5 21. f3 Qa7 22. Kg2 Rf6 23. Nf2 Rg6+ 24. Kh2 dxc3 25. bxc3 Qe3 26. exf5 Qf4+ 27. Kh1 Qxf3+ 0-1

[Event "CZE-chT1E 0607"]
[Site "Czech Republic"]
[Date "2006.12.10"]
[Round "4.2"]
[White "Hudecek, Jan"]
[Black "Sedlacek, Oldrich"]
[Result "1/2-1/2"]
[WhiteElo "2325"]
[BlackElo "2285"]
[PlyCount "67"]
[EventDate "2006.10.15"]
[EventType "team-tourn"]
[EventRounds "11"]
[EventCountry "CZE"]
[SourceTitle "EXT 2008"]
[Source "ChessBase"]
[SourceDate "2007.11.25"]
[SourceVersion "1"]
[SourceVersionDate "2007.11.25"]
[SourceQuality "1"]

1. d4 c5 2. d5 g6 3. e4 d6 4. Nc3 Bg7 5. Be2 a6 6. a4 e5 7. Nf3 Ne7 8. 0-0 0-0 9. Nd2 Nd7 10. Nc4 Nb6 11. Na3 f5 12. a5 Nd7 13. Nc4 Qc7 14. Bg5 Bf6 15. Bh6 Rf7 16. f4 Kh8 17. Qd2 b5 18. axb6 Nxb6 19. Nxe5 dxe5 20. d6 Qd7 21. dxe7 Qxe7 22. exf5 Bxf5 23. fxe5 Qxe5 24. Rxa6 Rxa6 25. Bxa6 Qd4+ 26. Be3 Qxd2 27. Bxd2 Bd4+ 28. Kh1 Kg7 29. Bd3 Bxd3 30. Rxf7+ Kxf7 31. cxd3 Ke6 32. g3 Nd7 33. Na4 Ne5 34. b4 1/2-1/2

[Event "CZE-chT1E 0607"]
[Site "Czech Republic"]
[Date "2006.10.15"]
[Round "1.2"]
[White "Hudecek, Jan"]
[Black "Plat, Vojtech"]
[Result "1/2-1/2"]
[WhiteElo "2325"]
[BlackElo "2252"]
[PlyCount "84"]
[EventDate "2006.10.15"]
[EventType "team-tourn"]
[EventRounds "11"]
[EventCountry "CZE"]
[SourceTitle "EXT 2008"]
[Source "ChessBase"]
[SourceDate "2007.11.25"]
[SourceVersion "1"]
[SourceVersionDate "2007.11.25"]
[SourceQuality "1"]

1. d4 Nf6 2. c4 g6 3. g3 Bg7 4. Bg2 d5 5. cxd5 Nxd5 6. Nf3 0-0 7. 0-0 c6 8. e4 Nb6 9. h3 Be6 10. Nc3 Qd7 11. Kh2 Rd8 12. Qc2 Na6 13. Rd1 Rac8 14. b3 Qe8 15. Ba3 c5 16. d5 Bd7 17. Rac1 c4 18. e5 cxb3 19. axb3 Nc5 20. Qa2 a6 21. Bb4 Na8 22. Qa3 b6 23. Bxc5 Rxc5 24. Qxa6 Rdc8 25. Qd3 Bh6 26. Nd2 Bf5 27. Qd4 Nc7 28. d6 exd6 29. Nce4 Bxe4 30. Nxe4 Qxe5 31. Nxd6 Qxd4 32. Rxd4 Rd8 33. Rcd1 Ne6 34. Rd5 Bf8 35. Nc4 Rcxd5 36. Rxd5 Bc5 37. f4 Rxd5 38. Bxd5 Nd4 39. b4 Bxb4 40. Nxb6 Be1 41. Kg2 Nf5 42. g4 Ne3+ 1/2-1/2

[Event "MOR-chT 0405"]
[Site "Czech Republic"]
[Date "2004.10.25"]
[Round "4.3"]
[White "Karlik, Vladimir"]
[Black "Hudecek, Jan"]
[Result "1-0"]
[WhiteElo "2332"]
[BlackElo "2331"]
[PlyCount "97"]
[EventDate "2004.10.09"]
[EventType "team-tourn"]
[EventRounds "11"]
[EventCountry "CZE"]
[SourceTitle "CBM 103 Extra"]
[Source "ChessBase"]
[SourceDate "2005.01.01"]
[SourceVersion "1"]
[SourceVersionDate "2005.01.01"]
[SourceQuality "1"]

1. e4 Nf6 2. e5 Nd5 3. d4 d6 4. Nf3 g6 5. Bc4 Nb6 6. Bb3 Bg7 7. a4 a5 8. Ng5 e6 9. f4 dxe5 10. fxe5 c5 11. c3 cxd4 12. 0-0 0-0 13. cxd4 Nc6 14. Nf3 f6 15. Nc3 fxe5 16. Bg5 Qd7 17. dxe5 Nxe5 18. Nxe5 Rxf1+ 19. Qxf1 Qd4+ 20. Kh1 Qxe5 21. Bd8 Ra6 22. Rd1 Qf5 23. Qxf5 gxf5 24. Bxb6 Rxb6 25. Rd8+ Kf7 26. Nb5 Rc6 27. Rxc8 Rxc8 28. Nd6+ Ke7 29. Nxc8+ Kd7 30. Na7 Bxb2 31. Nb5 e5 32. Bc2 e4 33. g4 fxg4 34. Bxe4 h5 35. Bg6 h4 36. Bf5+ Kc6 37. Bxg4 Kc5 38. Bd7 Be5 39. Kg2 Kd5 40. h3 Ke4 41. Kf2 Bg7 42. Ke2 Be5 43. Bc8 b6 44. Bb7+ Kf4 45. Kd3 Kf5 46. Bc8+ Kf4 47. Kc4 Bb2 48. Kd5 Bc1 49. Kc6 1-0

[Event "MOR-chT2M 0203"]
[Site "Moravia"]
[Date "2003.03.16"]
[Round "10"]
[White "Travnicek, Peter Jr"]
[Black "Hudecek, Jan"]
[Result "0-1"]
[WhiteElo "2112"]
[BlackElo "2293"]
[PlyCount "62"]
[EventDate "2002.10.??"]
[EventType "team-tourn"]
[EventRounds "11"]
[EventCountry "CZE"]
[SourceTitle "EXT 2006"]
[Source "ChessBase"]
[SourceDate "2005.11.24"]
[SourceVersion "1"]
[SourceVersionDate "2005.11.24"]
[SourceQuality "1"]

1. d4 Nf6 2. c4 c5 3. d5 b5 4. cxb5 a6 5. bxa6 g6 6. Nc3 Bxa6 7. e4 Bxf1 8. Kxf1 d6 9. g3 Bg7 10. Kg2 0-0 11. Nf3 Nbd7 12. Qe2 Qb6 13. Re1 Qb7 14. a4 Rfb8 15. Nd2 Ne8 16. Ra3 Nc7 17. Rb3 Qc8 18. Rxb8 Qxb8 19. Ndb1 Qb4 20. Qc2 Nb6 21. b3 c4 22. bxc4 Nxa4 23. Bd2 Qxc4 24. Rc1 Nc5 25. f3 Nb3 26. Rf1 Nb5 27. Be1 Rc8 28. Qb2 Nxc3 29. Bxc3 Bxc3 30. Nxc3 Qxc3 31. Qa3 Nd2 0-1

[Event "MOR-chT2M 0203"]
[Site "Moravia"]
[Date "2003.01.26"]
[Round "7"]
[White "Hudecek, Jan"]
[Black "Rubal, Adam"]
[Result "1/2-1/2"]
[WhiteElo "2293"]
[BlackElo "2106"]
[PlyCount "40"]
[EventDate "2002.10.??"]
[EventType "team-tourn"]
[EventRounds "11"]
[EventCountry "CZE"]
[SourceTitle "EXT 2006"]
[Source "ChessBase"]
[SourceDate "2005.11.24"]
[SourceVersion "1"]
[SourceVersionDate "2005.11.24"]
[SourceQuality "1"]

1. d4 d5 2. Nf3 Nf6 3. c4 e6 4. g3 Nbd7 5. Bg2 Be7 6. 0-0 0-0 7. Nc3 b6 8. cxd5 exd5 9. Ne5 Bb7 10. Qa4 Nb8 11. Rd1 Re8 12. Bg5 c6 13. Rac1 Nfd7 14. Bxe7 Rxe7 15. e4 Nxe5 16. dxe5 Rxe5 17. exd5 c5 18. b4 Nd7 19. bxc5 Nxc5 20. Qd4 Qf6 1/2-1/2